Normal view
MARC view
- Artasanchez, Alberto
Entry Personal Name
001 - CONTROL NUMBER
- control field: 113908
003 - CONTROL NUMBER IDENTIFIER
- control field: NUST
005 - DATE AND TIME OF LATEST TRANSACTION
- control field: 20230802161308.0
008 - FIXED-LENGTH DATA ELEMENTS
- fixed length control field: 230802|| aca||aabn | a|a d
040 ## - CATALOGING SOURCE
- Original cataloging agency: NUST
- Transcribing agency: NUST
100 ## - HEADING--PERSONAL NAME
- Personal name: Artasanchez, Alberto
670 ## - SOURCE DATA FOUND
- Source citation: Work cat.: (NUST): Artasanchez, Alberto, Artificial Intelligence with Python, 2020.
